Lanean...
Kadha kusum. /
| Formatua: | Printed Book |
|---|---|
| Hizkuntza: | Hindi |
| Argitaratua: |
1961.
|
| LEADER | 00355nam a2200109Ia 4500 | ||
|---|---|---|---|
| 008 | 150624b ii ||||| |||| 00| 0 hin d | ||
| 082 | |a 863.7108 | ||
| 245 | |a Kadha kusum. / | ||
| 260 | |c 1961. | ||
| 942 | |c BK | ||
| 999 | |c 62024 |d 62024 | ||
| 952 | |0 0 |1 0 |4 0 |6 863_710800000000000_THI_K_H |7 0 |9 62001 |a UL |b UL |c SEC |d 2012-10-27 |g 1.00 |l 1 |o 863.7108 THI/K H |p G1050 |r 2021-11-03 |s 2017-05-06 |y BK | ||